书目信息 |
| 题名: |
电子工程中的积分变换
|
|
| 作者: | 宁平治 编著 | |
| 分册: | ||
| 出版信息: | 天津 南开大学出版社 1999.03 |
|
| 页数: | 456页 | |
| 开本: | 32开 | |
| 丛书名: | ||
| 单 册: | ||
| 中图分类: | O29 | |
| 科图分类: | ||
| 主题词: | 应用数学 , 数学--应用 | |
| 电子资源: | ||
| ISBN: | 7-310-01139-2 | |
| 000 | 00604nam0 2200205 45 | |
| 001 | 0009120977 | |
| 005 | 20000912094804.5 | |
| 010 | @a7-310-01139-2@d18.00元 | |
| 100 | @a20000912d1999 km y0chiy0120 ea | |
| 101 | 0 | @achi |
| 105 | @a z 000yy | |
| 200 | 1 | @a电子工程中的积分变换@ADian Zi Gong Cheng Zhong De Ji Fen Bian Huan@f宁平治等编著@FNing Ping Zhi Deng Bian Zhu |
| 210 | @a天津@c南开大学出版社@d1999.03 | |
| 215 | @a456页@d32开 | |
| 606 | 0 | @a应用数学 |
| 606 | 0 | @a数学@x应用 |
| 690 | @aO29@v3 | |
| 701 | 0 | @a宁平治@4编著 |
| 801 | @aCN@bPftUser@c20000912 | |
| 905 | @b136122-131@dO29@eN973@f10 | |
| 电子工程中的积分变换/宁平治等编著.-天津:南开大学出版社,1999.03 |
| 456页;32开 |
| ISBN 7-310-01139-2:18.00元 |
| ● |
| 相关链接 |
|
|
|
正题名:电子工程中的积分变换
索取号:O29/N973
 
预约/预借
| 序号 | 登录号 | 条形码 | 馆藏地/架位号 | 状态 | 备注 |
| 1 | 136122 | 201361221 | 自科二线504/504自科库 50排3列3层/ [索取号:O29/N973] | 在馆 | |
| 2 | 136123 | 201361230 | 自科二线504/504自科库 50排3列3层/ [索取号:O29/N973] | 在馆 | |
| 3 | 136124 | 201361249 | 自科库401/401自科库 82排1列2层/ [索取号:O29/N973] | 在馆 | |
| 4 | 136125 | 201361258 | 自科库401/401自科库 82排1列2层/ [索取号:O29/N973] | 在馆 | |
| 5 | 136126 | 201361267 | 自科库401/401自科库 82排1列2层/ [索取号:O29/N973] | 在馆 | |
| 6 | 136127 | 201361276 | 自科二线504/504自科库 50排3列3层/ [索取号:O29/N973] | 在馆 | |
| 7 | 136128 | 201361285 | 自科库401/401自科库 82排1列2层/ [索取号:O29/N973] | 在馆 | |
| 8 | 136129 | 201361294 | 自科库401/401自科库 82排1列2层/ [索取号:O29/N973] | 在馆 | |
| 9 | 136130 | 201361301 | 自科库401/401自科库 82排1列2层/ [索取号:O29/N973] | 在馆 | |
| 10 | 136131 | 201361310 | 自科库401/401自科库 82排1列2层/ [索取号:O29/N973] | 在馆 |